00830nam a2200253 i 4500001000700000003000900007005001700016007000300033008004100036020001800077080001100095080001200106100001900118245016300137260003400300300002200334490004300356504002900399650003100428700002200459700001900481830004300500852003300543128542ES-MaACL20250822035248.0t|070517s1984 sp ||||1| spa d a84-254-1409-1 a301.18 a301.1511 aTajfel, Henri.10aGrupos humanos y categorias sociales b: estudios de psicología social / cHenri Tajfel ; versión castellana de Carmen Huici ; prólogo de Jerome Bruner. aBarcelona : bHerder, c1984. a409 p. ; c25 cm.1 aBiblioteca de psicosociología ; v15 aBibliografía. Indices.17aPsicología social2embne1 aBruner, Jerome S.1 aHuici, Carmen.0 aBiblioteca de psicosociología ; v15 aES-MaACLjL-12293 bR.114526